Music Quiz

Random Music or Song Quiz

'Irony' According to Alanis Morissette Quiz Stats

 Plays Quiz Updated Dec 11, 2018

Challenge
Share
Tweet
Embed
Score 0/8 Timer 02:00
0 Plays Today
Beginning of Line Non-Ironic Punchline % Correct
Ten thousand spoons when all you need...is a knife
87.1%
Rain on your...Wedding day
85.9%
A traffic jam when you're...Already late
84.3%
An old man turned 98, he won the lottery and...Died the next day
77.3%
It's like a free ride when you've...Already paid
77%
Meeting the man of your dreams...And then meeting his beautiful wife
59.3%
A black fly in your...Chardonnay
56.9%
A no-smoking sign...On your cigarette break
56.5%

You're not logged in!

Compare scores with friends on all Sporcle quizzes.
OR
Log In

You Might Also Like...

Show Comments

Extras

Top Quizzes Today


Score Distribution

Your Account Isn't Verified!

In order to create a playlist on Sporcle, you need to verify the email address you used during registration. Go to your Sporcle Settings to finish the process.

Report this User

Report this user for behavior that violates our Community Guidelines.

Details: